1826 1179 1516 1599 1555 1968 1035 1423 1472 1634 1539 1078 1596 1061 1601 1074 1630 1196 1943 1540 1850 1435 1951 1856 1454 1231 1730 1989 1435 1055 1002 1462 1382 1778 1454 1824 1826 1188 1116 1199 1533 1563 1740 1589 1602 1210 1774 1237 1331 1482 1332 1088 1564 1934 1321 1250 1563 1116 1364 1478 1350 1572 1361 1281 1824 1478 1068 1313 1844 1312 1380 1018 1375 1246 1841 1707 1412 1315 1087 1467 1359 1066 1511 1060 1626 1520 1936 1949 1673 1051 1919 1704 1036 1104 1615 1034 1516 1402 1479 BCNSPRNW ULIB Ver.6.0+V

เปลี่ยนเป็นภาษาไทย

Change to English
 แสดงรายละเอียดบรรณานุกรม
  กลับหน้าหลัก

Brief Record : Get Marc (ISO 2709) : E-mail record : QR code < ปิดหน้าต่าง
LEADER : 00000nam 2200000uu 4500
001    13399115267
003     ULIB
008    120809s2554||||th 000 0 tha d
020    ^a9789747870893 ล.2
060  4 ^aWB205^bป411ฉ ล.2
100 0  ^aประสาร เปรมะสกุล
245 10 ^aฉลาดตรวจสุขภาพ ฉบับรู้ทันโรคถอย เล่ม2 /^cประสาร เปรมะสกุล
250    ^aพิมพ์ครั้งแรก
260    ^aกรุงเทพฯ :^bอมรินทร์บุ๊คเซ็นเตอร์,^c2554.
300    ^a316 หน้า :^bภาพประกอบ
650  7 ^aการวินิจฉัยโรค
650  7 ^aการตรวจสุขภาพ
650  7 ^aการตรวจร่างกาย
650  7 ^aโรค^xการป้องกันและควบคุม
945    ^p350^l0^i19186
945    ^p350^l0^i19699
945    ^p350^l0^i19700
995    ทศพร
999 ^a ใช้งานได้ทุกระบบ
รายการนี้ยังไม่มีแท็ก
คุณยังไม่ได้ล็อกอิน คุณสามารถมีกิจกรรมร่วมกับเว็บไซต์ได้ แต่ต้องล็อกอินก่อน ::
  ล็อกอิน

รายการสื่อสารสนเทศ

ลำดับที่ ประเภท เลขเรียก/บาร์โค้ด สถานที่ สถานะ
1. วิทยาศาสตร์การแพทย์ และสุขภาพ
วิทยาศาสตร์การแพทย์ และสุขภาพ
สถานะ=หนังสือเก่า
WB205 ป411ฉ ล.2  
  Barcode: 19186
ห้องสมุดวิทยาเขตนครสวรรค์
►ส่วนจัดเก็บหนังสือเก่า นว.
บนชั้น
  ขอยืม
2. วิทยาศาสตร์การแพทย์ และสุขภาพ
วิทยาศาสตร์การแพทย์ และสุขภาพ
สถานะ=หนังสือเก่า
WB205 ป411ฉ ล.2 ฉ.2 
  Barcode: 19699
ห้องสมุดวิทยาเขตนครสวรรค์
►ส่วนจัดเก็บหนังสือเก่า นว.
บนชั้น
  ขอยืม
3. วิทยาศาสตร์การแพทย์ และสุขภาพ
วิทยาศาสตร์การแพทย์ และสุขภาพ
สถานะ=หนังสือเก่า
WB205 ป411ฉ ล.2 ฉ.3 
  Barcode: 19700
ห้องสมุดวิทยาเขตนครสวรรค์
►ส่วนจัดเก็บหนังสือเก่า นว.
บนชั้น
  ขอยืม

รายการใกล้เคียง
    ผู้แต่ง [ประสาร เปรมะสกุล]

    หัวเรื่อง [การวินิจฉัยโรค]
    หัวเรื่อง [การตรวจสุขภาพ]
    หัวเรื่อง [การตรวจร่างกาย]

BibComment


ยังไม่เคยถูกคอมเมนท์

คอมเมนท์ทรัพยากรรายการนี้
  คอมเมนท์: ฉลาดตรวจสุขภาพ ฉ..


 Copyright 2026. Bcnsprnw @Library